[Event "ACP Blitz"]
[Site "Playchess.com INT"]
[Date "2006.??.??"]
[Round "7"]
[White "Ghaem Maghami, Ehsan"]
[Black "Kogan, Artur"]
[Result "1-0"]
[WhiteElo "2581"]
[BlackElo "2567"]
[PlyCount "153"]
[EventDate "2006.12.??"]
[EventType "swiss (blitz)"]
[EventRounds "11"]
[EventCountry "GER"]
[SourceTitle "EXT 2013"]
[Source "ChessBase"]
[SourceDate "2012.11.22"]
[SourceVersion "1"]
[SourceVersionDate "2012.11.22"]
[SourceQuality "1"]

1. Nf3 d5 2. c4 d4 3. b4 f6 4. e3 dxe3 5. fxe3 e5 6. a3 ({RR} 6. c5 Be6 7. Bb5+ c6 8. Ba4 Nh6 9. O-O Be7 10. Bb3 Qd7 11. Nc3 Na6 12. a3 Nc7 13. d4 O-O-O 14. dxe5 Qxd1 15. Bxe6+ Nxe6 16. Nxd1 fxe5 17. Nc3 Rd3 18. Ne4 Ng4 19. Re1 Rhd8 20. h3 Nf6 {Korotylev,A (2600)-Kramnik,V (2785) Moscow 2007 ½-½ (39)}) 6... e4 ({RR} 6... a5 7. b5 b6 8. Nc3 Bb7 9. Qc2 Bd6 10. Bd3 Ne7 11. Bxh7 Qd7 12. Be4 c6 13. Na4 Qc7 14. c5 bxc5 15. Nxc5 Bxc5 16. Qxc5 Nd7 17. Qc2 c5 18. a4 O-O-O 19. Ba3 Kb8 20. Rc1 Rc8 21. O-O {Filgueira,H (2283)-Riehle,M (2385) chess.com INT 2024 0-1}) 7. Nd4 f5 $146 ({RR} 7... c5 8. bxc5 f5 9. Qb3 Nc6 10. Bb2 Nf6 11. Be2 Bxc5 12. Qb5 Bxd4 13. exd4 Bd7 14. Qb3 Rc8 15. d5 Na5 16. Qb4 Kf7 17. Bd4 b5 18. cxb5 Nxd5 19. Qd6 Be6 20. Bh5+ g6 21. Qe5 Nf6 22. Bd1 {Xu,H (2290)-Zhang,P (2583) Wuxi 2005 0-1 (38)}) ({RR} 7... Nh6 8. Nb3 Bg4 9. Qc2 f5 10. d4 Bd6 11. c5 Qh4+ 12. Qf2 Be7 13. Qxh4 Bxh4+ 14. g3 Bf6 15. Bc4 Bh3 16. Nc3 c6 17. Na5 b5 18. Bb3 Nf7 19. Bb2 Ng5 20. Kf2 Kd7 21. d5 Bg4 22. h4 {Beldyugin,A (2098)-Nikitin,D (1846) Uljanovsk 2014 1-0}) 8. c5 Nf6 9. Bc4 Nc6 10. Nxc6 bxc6 11. Bb2 Qe7 12. O-O Ng4 13. Be2 Ne5 14. d3 exd3 15. Bxd3 g6 16. e4 f4 17. Rxf4 Bh6 18. Rf1 Be3+ 19. Kh1 Bg4 20. Qb3 O-O-O 21. Ba6+ Kb8 22. Qxe3 Rhf8 23. Nd2 Bh5 24. h3 g5 25. Rxf8 Rxf8 26. Rf1 Re8 27. Be2 Bg6 28. b5 g4 29. hxg4 cxb5 30. Bxe5 Qxe5 31. Bxb5 Rd8 32. Rb1 Kc8 33. Ba6+ Kd7 34. Nf3 Qxe4 35. Qxe4 Bxe4 36. Rd1+ Ke7 37. Rxd8 Kxd8 38. Nd4 Ke7 39. g5 Kf7 40. Be2 Kg6 41. Nb5 c6 42. Nxa7 Kxg5 43. Bf3 Bc2 44. Nxc6 Kf6 45. Nb4 Ba4 46. c6 Ke7 47. c7 Bd7 48. Bb7 Kd6 49. c8=R Bxc8 50. Bxc8 Kc5 51. Bh3 Kb6 52. Kh2 Kc5 53. Bf5 h6 54. Bh7 Kd6 55. Kg3 Ke5 56. Kh4 Kf6 57. g4 Kg7 58. Kh5 Kxh7 59. a4 Kg7 60. a5 Kf6 61. a6 Ke5 62. a7 Kd4 63. a8=Q Kc4 64. Kxh6 Kxb4 65. g5 Kc4 66. g6 Kd4 67. g7 Ke3 68. Kg6 Kf2 69. g8=Q Kg1 70. Qe6 Kf2 71. Qf8+ Kg3 72. Kg7 Kh4 73. Kg8 Kg5 74. Qef7 Kh4 75. Q8g7 Kh3 76. Qgg6 Kh2 77. Qfh7# 1-0

[Event "CZE-chT 0607"]
[Site "Czech Republic"]
[Date "2007.03.24"]
[Round "10.1"]
[White "Movsesian, Sergei"]
[Black "Babula, Vlastimil"]
[Result "1-0"]
[WhiteElo "2637"]
[BlackElo "2571"]
[PlyCount "103"]
[EventDate "2006.12.01"]
[EventType "team"]
[EventRounds "11"]
[EventCountry "CZE"]
[SourceTitle "EXT 2008"]
[Source "ChessBase"]
[SourceDate "2007.11.25"]
[SourceVersion "1"]
[SourceVersionDate "2007.11.25"]
[SourceQuality "1"]
[WhiteTeam "Pardubice"]
[BlackTeam "Grygov"]
[WhiteTeamCountry "CZE"]
[BlackTeamCountry "CZE"]

1. Nf3 c5 2. g3 g6 3. Bg2 Bg7 4. O-O Nc6 5. e4 d6 6. c3 Bg4 7. d3 Nf6 8. Nbd2 O-O 9. h3 Bxf3 10. Nxf3 Rc8 ({RR} 10... Rb8 11. Re1 Nd7 12. a4 a6 13. Nd2 b5 14. f4 Qb6 15. axb5 axb5 16. Kh2 Ra8 17. Rxa8 Rxa8 18. Qf3 Ra6 19. Rf1 Qc7 20. e5 dxe5 21. f5 Nd8 22. Ne4 c4 23. dxc4 bxc4 24. Rd1 Nf6 25. Bg5 {Vajda,L (2592)-Genov,P (2490) Istanbul 2003 0-1 (51)}) ({RR} 10... Nd7 11. Nh4 Qc7 12. Bg5 b5 13. Qd2 Rfe8 14. Bh6 Bh8 15. f4 b4 16. f5 bxc3 17. bxc3 Qa5 18. Rac1 Be5 19. fxg6 hxg6 20. Qg5 Bf6 21. Qd5 Nde5 22. Nxg6 e6 23. Qb3 c4 24. Qd1 fxg6 25. Rxf6 {Belenkaya,D (2164)-Nouali,M (2137) chess.com INT 2024 1-0 (31)}) 11. Re1 Nd7 $146 ({RR} 11... e5 12. Be3 b5 13. Qd2 Re8 14. Bh6 Bh8 15. Nh2 b4 16. Ng4 Qa5 17. Ne3 Rb8 18. Nc4 Qc7 19. f4 bxc3 20. bxc3 Na5 21. Ne3 c4 22. dxc4 Nxc4 23. Nxc4 Qxc4 24. Qxd6 Qxc3 25. fxe5 Nh5 26. e6 {Barbucenescu,A-Sirin,A (2001) Eskisehir 2004 ½-½ (74)}) ({RR} 11... Qc7 12. Bd2 Nd7 13. Rc1 Nce5 14. Nxe5 Nxe5 15. Bf4 Qb6 16. Rc2 c4 17. Bxe5 dxe5 18. dxc4 Rxc4 19. b3 Rc6 20. Qe2 Qa5 21. c4 Rd8 22. Rd1 Rxd1+ 23. Qxd1 Rd6 24. Qe2 Bh6 25. h4 Qc5 26. Qe1 {Scholz,G-Ulms,S (2160) Germany 1993 ½-½}) 12. Bg5 Re8 13. Qd2 Nde5 14. Nh2 b5 15. f4 f6 16. Bh4 Nf7 17. g4 e5 18. Bg3 Bh6 19. Rf1 b4 20. h4 exf4 21. Bxf4 Bg7 22. Rad1 Rb8 23. d4 bxc3 24. bxc3 Qa5 25. e5 dxe5 26. Bxc6 exf4 27. Bxe8 Rxe8 28. d5 Rd8 29. Nf3 Qc7 30. Rfe1 g5 31. hxg5 fxg5 32. Re6 Qd7 33. c4 Rf8 34. Qg2 h6 35. Rde1 Nd6 36. Qc2 Nf7 37. Qg6 Qa4 38. d6 Qxc4 39. Qe4 Qxe4 40. R1xe4 c4 41. d7 c3 42. Re8 Bf6 43. Kf2 Nd8 44. Ke2 Kg7 45. Rxf8 Kxf8 46. Re8+ Kg7 47. Nd4 h5 48. Ne6+ Nxe6 49. Rxe6 Bd8 50. gxh5 Kf7 51. Re8 c2 52. Kd2 1-0

[Event "Erandio op 15th"]
[Site "Erandio"]
[Date "2006.12.23"]
[Round "9"]
[White "Paunovic, Dragan"]
[Black "Mirzoev, Azer"]
[Result "1-0"]
[WhiteElo "2505"]
[BlackElo "2543"]
[PlyCount "93"]
[EventDate "2006.12.16"]
[EventType "swiss"]
[EventRounds "9"]
[EventCountry "ESP"]
[SourceTitle "EXT 2018"]
[Source "ChessBase"]
[SourceDate "2017.10.13"]
[SourceVersion "1"]
[SourceVersionDate "2017.10.13"]
[SourceQuality "1"]

1. Nf3 e6 2. g3 d5 3. Bg2 Nf6 4. O-O c5 5. c4 d4 6. d3 Nc6 7. a3 Be7 8. e3 a5 9. exd4 cxd4 10. Bg5 O-O 11. Nbd2 h6 12. Bxf6 Bxf6 13. Re1 $146 ({RR} 13. Qc2 e5 {½-½ (13) Ranaldi,L (2353)-Skuhala,J (2342) Chess.com INT 2020}) ({RR} 13. Rc1 a4 14. Qe2 Re8 15. Rfe1 e5 16. c5 Na5 17. Qd1 Bd7 18. Nc4 Nxc4 19. Rxc4 Bb5 20. Rc1 Bc6 21. h4 g6 22. Nd2 Bxg2 23. Kxg2 Qd5+ 24. Qf3 Qxf3+ 25. Kxf3 Bg7 26. Rc4 h5 27. Ne4 f5 {Haring,F (2432)-Tsatsalashvili,K (2315) chess.com INT 2024 0-1 (31)}) 13... a4 14. c5 Be7 15. b4 axb3 16. Nxb3 Bf6 17. Nfd2 e5 18. Nc4 Be6 19. Qc2 Qc7 20. Nbd2 Be7 21. Ne4 Na5 22. Ncd6 Bd5 23. Nf5 Rfd8 24. Qd1 Be6 25. Nxe7+ Qxe7 26. Rb1 Bd5 27. Nd6 Bxg2 28. Kxg2 f6 29. Qf3 Kh8 30. Rb6 Qc7 31. Reb1 Rdb8 32. Qd5 Ra6 33. R1b5 Rba8 34. Nxb7 Nxb7 35. Rxb7 Qc6 36. Qxc6 Rxc6 37. Rb8+ Rxb8 38. Rxb8+ Kh7 39. Rb5 f5 40. a4 e4 41. Kf1 g5 42. Ke2 Kg8 43. dxe4 fxe4 44. Rb4 d3+ 45. Ke3 Rxc5 46. Rxe4 Rc8 47. Rc4 1-0

[Event "World Cup ACP 1st"]
[Site "Odessa"]
[Date "2007.01.06"]
[Round "1.3"]
[White "Morozevich, Alexander"]
[Black "Harikrishna, Pentala"]
[Result "1-0"]
[WhiteElo "2741"]
[BlackElo "2673"]
[PlyCount "83"]
[EventDate "2007.01.05"]
[EventType "k.o. (rapid)"]
[EventRounds "4"]
[EventCountry "UKR"]
[SourceTitle "CBM 116"]
[Source "ChessBase"]
[SourceDate "2007.02.01"]
[SourceVersion "1"]
[SourceVersionDate "2007.02.01"]
[SourceQuality "1"]

1. Nf3 Nf6 2. g3 d5 3. Bg2 c6 4. d3 Bg4 5. h3 Bh5 6. g4 Bg6 7. Ne5 ({RR} 7. Nh4 Nbd7 8. Nd2 e6 9. e3 Bd6 10. Qe2 Ng8 11. Nxg6 hxg6 12. a3 Ne7 13. b3 g5 14. Bb2 Be5 15. d4 Bd6 16. c4 Ng6 17. b4 Nh4 18. Kf1 Qf6 19. Rc1 Qg6 20. e4 Nxg2 21. Kxg2 dxe4 {Duda,J (2726)-Maghsoodloo,P (2707) chess.com INT 2023 0-1 (35)}) 7... Nbd7 8. Nxg6 hxg6 9. e3 ({RR} 9. c4 e6 10. b3 Bd6 11. Bb2 Qe7 12. Qc2 a5 13. a3 O-O 14. O-O Nxg4 15. hxg4 Qh4 16. f4 Qxg4 17. e3 g5 18. Qf2 gxf4 19. exf4 f5 20. Nd2 Kf7 21. Qf3 Qh4 22. Qh3 Rh8 23. Qxh4 Rxh4 {Lorenzo de la Riva,L (2415)-Omariev,M (2304) chess.com INT 2024 1-0 (47)}) 9... e6 $146 ({RR} 9... e5 10. b3 Bd6 11. Bb2 Qc7 12. Nd2 Ng8 13. a3 a5 14. c4 Ne7 15. Qc2 f5 16. cxd5 cxd5 17. Qxc7 Bxc7 18. Rc1 Bd6 19. Ke2 Nf8 20. Nb1 Ne6 21. Nc3 Nc7 22. Rc2 Kd7 23. Rhc1 b5 24. Nb1 {Karpenko,A (2025)-Kovin,E (2000) Perm 2007 1-0 (43)}) ({RR} 9... e5 10. b3 Bd6 11. Bb2 Qc7 12. Nd2 Ng8 13. a3 a5 14. c4 Ne7 15. Qc2 f5 16. cxd5 cxd5 17. Qxc7 Bxc7 18. Rc1 Bd6 19. Ke2 Nf8 20. Nb1 Ne6 21. Nc3 Nc7 22. Rc2 Kd7 23. Rhc1 b5 24. Nb1 {Kashin,Y (2001)-Tiunova,A Perm 2007 0-1 (49)}) 10. Nd2 Bd6 11. Qe2 a5 12. a3 a4 13. f4 Qe7 14. O-O e5 15. f5 gxf5 16. Rxf5 g6 17. Rf2 e4 18. dxe4 Nxe4 19. Nxe4 dxe4 20. Qc4 f5 21. gxf5 gxf5 22. Rxf5 O-O-O 23. Qxe4 Be5 24. Bd2 Rxh3 25. Rxe5 Nxe5 26. Bxh3+ Kb8 27. Bc3 Qg5+ 28. Bg2 Ng6 29. Rf1 Qh5 30. Qf3 Qh6 31. Qg3+ Ka8 32. Bd4 Nh4 33. Rf2 Nxg2 34. Rxg2 Qe6 35. Qg5 Re8 36. Qa5+ Kb8 37. Qa7+ Kc7 38. Qxa4 Qf5 39. Rg7+ Kd6 40. Qb4+ Ke6 41. Qxb7 Qd5 42. Qf7+ 1-0

[Event "Seville op 32nd"]
[Site "Seville"]
[Date "2007.01.13"]
[Round "7"]
[White "Campora, Daniel Hugo"]
[Black "Korneev, Oleg"]
[Result "1-0"]
[WhiteElo "2510"]
[BlackElo "2606"]
[PlyCount "39"]
[EventDate "2007.01.07"]
[EventType "swiss"]
[EventRounds "9"]
[EventCountry "ESP"]
[SourceTitle "CBM 116 Extra"]
[Source "ChessBase"]
[SourceDate "2007.03.07"]
[SourceVersion "1"]
[SourceVersionDate "2007.03.07"]
[SourceQuality "1"]

1. Nf3 d5 2. g3 g6 3. Bg2 Bg7 4. c4 d4 5. d3 e5 6. O-O Ne7 7. b4 O-O 8. Nbd2 h6 ({RR} 8... f5 9. Nb3 Nd7 10. Bb2 h6 11. Qc2 g5 12. Rae1 Ng6 13. e3 g4 14. Nfd2 dxe3 15. fxe3 Qg5 16. d4 e4 17. d5 Nde5 18. Nd4 Nd3 19. Re2 Nxb4 20. Qc3 Nd3 21. Ba3 Rf7 22. Bxe4 fxe4 23. Rxf7 {Platzgummer,F (2291)-Sai,K (2365) chess.com INT 2025 0-1 (84)}) 9. Nb3 ({RR} 9. a4 a5 10. b5 c5 11. bxc6 Nexc6 12. Ba3 Nb4 13. Ne1 N8a6 14. Nc2 Re8 15. Bxb4 axb4 16. Nb3 Ra7 17. Qd2 Qe7 18. a5 Bf5 19. e3 dxe3 20. Nxe3 Be6 21. Nd5 Qg5 22. Qe3 Qxe3 23. fxe3 e4 {Kramnik,V (2777)-Andreikin,D (2720) Baku 2015 ½-½ (70)}) ({RR} 9. a4 g5 10. b5 Ng6 11. Ba3 Re8 12. c5 Be6 13. Qc2 c6 14. Nc4 Re7 15. Nfd2 h5 16. Ne4 f6 17. Ned6 Qf8 18. e3 h4 19. Rae1 f5 20. exd4 exd4 21. Nxb7 f4 22. Be4 Ne5 23. Nxe5 Bxe5 {Petrov,N (2573)-Campora,D (2426) Lisbon 2018 1-0 (35)}) 9... Nd7 10. a4 Rb8 $146 ({RR} 10... f5 11. a5 Rb8 12. e3 dxe3 13. Bxe3 b6 14. axb6 axb6 15. Re1 g5 16. Bc1 Ng6 17. Ra7 g4 18. Nfd2 Nf6 19. Qc2 Rf7 20. Bb2 Bf8 21. Bxe5 Nxe5 22. Rxe5 Bxb4 23. d4 Bd6 24. Re1 c5 {½-½ (24) Roeder,M (2415)-Motwani,P (2505) Belgium 2005}) 11. e3 dxe3 12. Bxe3 b6 13. Ra2 Bb7 14. Re1 g5 15. Bc1 Ng6 16. a5 g4 17. Nfd2 Bxg2 18. Kxg2 f5 19. Nf1 Qf6 20. Ne3 1-0

[Event "CUB-ch op"]
[Site "Santa Clara"]
[Date "2007.01.14"]
[Round "5"]
[White "Delgado Ramirez, Neuris"]
[Black "Hernandez Carmenates, Holden"]
[Result "1-0"]
[WhiteElo "2562"]
[BlackElo "2543"]
[PlyCount "53"]
[EventDate "2007.01.10"]
[EventType "swiss"]
[EventRounds "9"]
[EventCountry "CUB"]
[SourceTitle "CBM 116 Extra"]
[Source "ChessBase"]
[SourceDate "2007.03.07"]
[SourceVersion "1"]
[SourceVersionDate "2007.03.07"]
[SourceQuality "1"]

1. Nf3 Nf6 2. g3 b6 3. Bg2 Bb7 4. O-O e6 5. d3 Be7 6. e4 d6 7. Ne1 ({RR} 7. Ng5 e5 8. f4 Nbd7 9. Nc3 c6 10. a4 a5 11. Kh1 h6 12. Nf3 Ba6 13. Be3 Qc7 14. Re1 g5 15. fxg5 Ng4 16. Qd2 Nxe3 17. Qxe3 hxg5 18. Nxg5 Rh5 19. Nf3 O-O-O 20. Qe2 Rdh8 21. h4 Kb8 {Movsziszian,K (2507)-Matnadze,A (2361) Balaguer 2006 0-1 (36)}) 7... e5 ({RR} 7... Qc8 8. c4 c5 9. Nc2 O-O 10. Nc3 Nc6 11. f4 a6 12. Kh1 Nd4 13. Nxd4 cxd4 14. Ne2 e5 15. b3 b5 16. Ba3 Qd8 17. Ng1 Bc8 18. h3 Nd7 19. Nf3 bxc4 20. bxc4 Qa5 21. Qc1 Nc5 22. Bxc5 {Bakija,A (2171)-Novosel,L (2349) Split CRO 2024 0-1 (92)}) 8. f4 Nbd7 9. c4 c6 $146 ({RR} 9... a5 10. Nf3 Nc5 11. Nc3 O-O 12. Kh1 Nfd7 13. Nd5 c6 14. Nxe7+ Qxe7 15. Nh4 Nf6 16. fxe5 dxe5 17. Bg5 Ncd7 18. Bh3 Qb4 19. Bxf6 Nxf6 20. Rxf6 gxf6 21. Qh5 Qd2 22. Bf5 h6 23. Nf3 Qxd3 24. Qxh6 {Badea,B (2476)-Telea,S (2089) Calimanesti 2014 1-0}) 10. Nc3 O-O 11. Nc2 b5 12. Be3 bxc4 13. dxc4 Re8 14. Kh1 Bf8 15. f5 Nb6 16. c5 dxc5 17. Qf3 Nfd7 18. Rad1 f6 19. g4 Qe7 20. Rg1 c4 21. Bf1 Qf7 22. Be2 Bc5 23. g5 fxg5 24. Rxg5 Re7 25. Bxc5 Nxc5 26. f6 Ne6 27. fxe7 1-0

[Event "Corus-B"]
[Site "Wijk aan Zee"]
[Date "2007.01.27"]
[Round "12"]
[White "Sargissian, Gabriel"]
[Black "Stellwagen, Daniel"]
[Result "1-0"]
[WhiteElo "2658"]
[BlackElo "2585"]
[PlyCount "67"]
[EventDate "2007.01.13"]
[EventType "match"]
[EventRounds "13"]
[EventCountry "NED"]
[EventCategory "14"]
[SourceTitle "CBM 117"]
[Source "ChessBase"]
[SourceDate "2007.03.30"]
[SourceVersion "1"]
[SourceVersionDate "2007.03.30"]
[SourceQuality "1"]

1. d4 d5 2. c4 c6 3. Nf3 Nf6 4. e3 e6 5. Bd3 Nbd7 6. b3 Bd6 7. Bb2 O-O 8. O-O b6 9. Ne5 Bb7 10. Nd2 c5 11. cxd5 exd5 12. f4 cxd4 13. exd4 Ne4 14. Nxe4 dxe4 15. Bc4 b5 $146 ({RR} 15... Qe7 16. Qe2 Nf6 17. Rad1 Nd5 18. f5 f6 19. Qxe4 Rad8 20. Bxd5+ Bxd5 21. Qxd5+ Kh8 22. Nc6 {1-0 (22) Nielsen,V (2388)-Kalosha,Z (2170) Bassano del Grappa ITA 2023}) ({RR} 15... Qe7 16. Qe2 Nf6 17. Rad1 Nd5 18. f5 f6 19. Qxe4 Rad8 20. Bxd5+ Bxd5 21. Qxd5+ Kh8 22. Nc6 {1-0 (22) Nielsen,V (2388)-Kalosha,Z (2170) Bassano del Grappa ITA 2023}) 16. Bxb5 Nxe5 17. fxe5 Bxe5 18. dxe5 Qb6+ 19. Kh1 Qxb5 20. Qg4 h5 21. Qxh5 Rae8 22. a4 Qd5 23. Rfd1 Qa5 24. b4 Qb6 25. Bd4 Qxb4 26. Rab1 Qe7 27. Rb3 Bc8 28. e6 f6 29. Rh3 Bxe6 30. Qh7+ Kf7 31. Rg3 Rg8 32. Qxe4 Rh8 33. Qg6+ Kf8 34. Bc5 1-0

[Event "Moscow op 03rd"]
[Site "Moscow"]
[Date "2007.01.31"]
[Round "5"]
[White "Malakhov, Vladimir"]
[Black "Ionov, Sergey"]
[Result "1-0"]
[WhiteElo "2663"]
[BlackElo "2522"]
[PlyCount "133"]
[EventDate "2007.01.27"]
[EventType "swiss"]
[EventRounds "9"]
[EventCountry "RUS"]
[SourceTitle "CBM 116 Extra"]
[Source "ChessBase"]
[SourceDate "2007.03.07"]
[SourceVersion "1"]
[SourceVersionDate "2007.03.07"]
[SourceQuality "1"]

1. Nf3 d5 2. c4 dxc4 3. Na3 c5 4. Nxc4 Nc6 5. g3 f6 6. Bg2 e5 7. d3 Be6 8. O-O Nge7 9. b3 Nd5 ({RR} 9... Qd7 10. Bb2 Rd8 11. a3 Nd5 12. e3 Be7 13. d4 cxd4 14. exd4 e4 15. Nfd2 f5 16. Qe2 O-O 17. Rad1 Nc7 18. Rfe1 Bf6 19. d5 Nxd5 20. Bxf6 Rxf6 21. Nb1 Qc7 22. f3 exf3 23. Qxf3 Bf7 24. Rd3 {Djurhuus,R (2407)-Elsness,F (2464) Kongsvinger 2022 0-1 (45)}) 10. Bb2 Be7 11. Ne1 $146 ({RR} 11. Qc2 O-O 12. Rad1 Rc8 13. Qb1 Qd7 14. Rfe1 Rfd8 15. Ne3 Bf8 16. Nxd5 Bxd5 17. e3 b6 18. h4 Qb7 19. e4 Be6 20. Nh2 Qd7 21. Nf1 Nb4 22. Ne3 Rc6 23. Bf1 Rc7 24. Bc3 Rdc8 25. Bxb4 cxb4 {Layer,B-Kamber,B (2365) Switzerland 1998 0-1 (44)}) 11... O-O 12. e4 Nc7 13. f4 exf4 14. gxf4 f5 15. Nc2 Nb5 16. N4e3 Bf6 17. e5 Be7 18. Qf3 Qd7 19. Rad1 Rad8 20. Rf2 Rf7 21. Qg3 Nbd4 22. Nxd4 Nxd4 23. Bxd4 cxd4 24. Nc4 b5 25. Na5 Rc8 26. Qf3 Bb4 27. Nc6 Bc3 28. b4 Qe8 29. a3 Rd7 30. Qh3 Qf7 31. Kh1 Bd5 32. Na5 Rf8 33. Rg1 Qe6 34. Bf3 Rff7 35. Qg2 Bxf3 36. Qxf3 Qd5 37. Qxd5 Rxd5 38. h4 Rd8 39. Kg2 Re8 40. Kf3 Re6 41. h5 Rh6 42. Rh2 g6 43. Nb3 Re7 44. Rgg2 Kg7 45. Nc5 Be1 46. Ke2 Bc3 47. Kf1 Ba1 48. Ke1 Bc3+ 49. Kd1 Ba1 50. Na6 Bc3 51. Kc2 Rb7 52. Kb3 Rb6 53. Nc7 a5 54. bxa5 Bxa5 55. Ne8+ Kf8 56. Nf6 Rc6 57. hxg6 Rxg6 58. Nxh7+ Ke7 59. Rxg6 Rxg6 60. Ng5 Rc6 61. Rh7+ Ke8 62. Nf7 Rc3+ 63. Kb2 Bc7 64. Nh6 Bd8 65. Nxf5 Rxd3 66. e6 Bf6 67. Nd6+ 1-0

[Event "Moscow Aeroflot op-A"]
[Site "Moscow"]
[Date "2007.02.16"]
[Round "3"]
[White "Tomashevsky, Evgeny"]
[Black "Ganguly, Surya Shekhar"]
[Result "1-0"]
[WhiteElo "2624"]
[BlackElo "2571"]
[PlyCount "59"]
[EventDate "2007.02.14"]
[EventType "swiss"]
[EventRounds "9"]
[EventCountry "RUS"]
[SourceTitle "CBM 117"]
[Source "ChessBase"]
[SourceDate "2007.03.30"]
[SourceVersion "1"]
[SourceVersionDate "2007.03.30"]
[SourceQuality "1"]

1. Nf3 d5 2. c4 dxc4 3. e3 Nf6 4. Bxc4 e6 5. O-O a6 6. Qe2 c5 7. Rd1 b5 8. Bb3 Bb7 9. a4 b4 10. d3 Nc6 ({RR} 10... Be7 11. Nbd2 O-O 12. a5 Bc6 13. d4 Nbd7 14. e4 Qb8 15. e5 Nd5 16. Nc4 Bb5 17. Qe4 cxd4 18. Nxd4 Nc5 19. Qg4 Nxb3 20. Bh6 g6 21. Nxb3 Rc8 22. Nd6 Bxd6 23. exd6 Qxd6 24. Qd4 f6 25. Nd2 {Kramnik,V (2791)-Karjakin,S (2760) Moscow 2010 0-1 (67)}) 11. Nbd2 Qc7 $146 ({RR} 11... Na5 12. Bc2 Be7 13. e4 Qc7 14. Nb3 Nxb3 15. Bxb3 h6 16. Be3 Ng4 17. Rac1 Nxe3 18. Qxe3 O-O 19. d4 Rac8 20. Ne5 Rfd8 21. Qh3 Rf8 22. Nxf7 Rxf7 23. Bxe6 Rcf8 24. dxc5 Bxe4 25. c6 Bf5 26. Qxf5 {Sundararajan,K (2506)-Shumiakina,T (2334) Badalona 2009 1-0}) ({RR} 11... Na5 12. Bc2 Qc7 13. e4 e5 14. Nc4 Nxc4 15. dxc4 a5 16. Nd2 Be7 17. Nf1 O-O 18. f3 Nh5 19. g3 Rad8 20. Be3 g6 21. Bh6 Rxd1 22. Rxd1 Rd8 23. Rd3 Rxd3 24. Qxd3 Qd6 25. Qxd6 Bxd6 26. Nd2 {Villar Reymundo,J (2185)-Prats Rodriguez,J (1997) Cornella de Llobregat 2018 ½-½ (36)}) 12. Nc4 Ng4 13. g3 Nge5 14. Nfxe5 Nxe5 15. Nxe5 Qxe5 16. e4 Rc8 17. Bc4 Be7 18. f4 Qc7 19. Rf1 Bf6 20. f5 e5 21. Be3 Qe7 22. h4 O-O 23. Rf2 Kh8 24. Raf1 Rfd8 25. Rg2 Rd4 26. Bxd4 exd4 27. Qh5 Rf8 28. g4 g6 29. Qh6 g5 30. hxg5 1-0

[Event "Moscow Aeroflot op-A"]
[Site "Moscow"]
[Date "2007.02.21"]
[Round "8"]
[White "Sargissian, Gabriel"]
[Black "Bocharov, Dmitry"]
[Result "1-0"]
[WhiteElo "2658"]
[BlackElo "2602"]
[PlyCount "91"]
[EventDate "2007.02.14"]
[EventType "swiss"]
[EventRounds "9"]
[EventCountry "RUS"]
[SourceTitle "CBM 117"]
[Source "ChessBase"]
[SourceDate "2007.03.30"]
[SourceVersion "1"]
[SourceVersionDate "2007.03.30"]
[SourceQuality "1"]

1. d4 d5 2. c4 c6 3. Nf3 Nf6 4. e3 e6 5. Bd3 Nbd7 6. b3 Bd6 7. Bb2 O-O 8. O-O b6 9. Nbd2 Bb7 10. Ne5 c5 11. cxd5 ({RR} 11. f4 cxd4 12. exd4 Ne4 13. cxd5 Nxd2 14. Qxd2 Bxd5 15. f5 Nxe5 16. dxe5 Bc5+ 17. Kh1 Be4 18. Rad1 exf5 19. Qc2 Qd5 20. Bxe4 Qxe4 21. Qc3 Rfd8 22. h3 Rxd1 23. Rxd1 Qe3 24. Qxe3 Bxe3 25. Rd7 a5 {Mellem,N (2122)-Strand,V (2133) Oslo NOR 2024 0-1 (34)}) 11... Nxd5 ({RR} 11... exd5 12. f4 cxd4 13. exd4 Ne4 14. Nxe4 dxe4 15. Bc4 b5 16. Bxb5 Nxe5 17. fxe5 Bxe5 18. dxe5 Qb6+ 19. Kh1 Qxb5 20. Qg4 h5 21. Qxh5 Rae8 22. a4 Qd5 23. Rfd1 Qa5 24. b4 Qb6 25. Bd4 Qxb4 26. Rab1 {Sargissian,G (2658)-Stellwagen,D (2585) Wijk aan Zee 2007 1-0 (34)}) 12. Ndc4 Nxe5 13. dxe5 Be7 $146 ({RR} 13... Bc7 14. Qh5 g6 15. Qh6 Nb4 16. Be2 Qe7 17. Nd6 Bc6 18. a3 Nd5 19. Ne4 Kh8 20. Nf6 {1-0 (20) Iskusnyh,S (2473)-Demin,V (2430) Chess.com INT 2021}) ({RR} 13... Bc7 14. Qh5 g6 15. Qh6 Nb4 16. Be2 Qe7 17. Nd6 Bc6 18. a3 Nd5 19. Ne4 Kh8 20. Nf6 {1-0 (20) Iskusnyh,S (2473)-Demin,V (2430) Chess.com INT 2021}) 14. a3 f5 15. exf6 Bxf6 16. Qh5 g6 17. Qh3 Bxb2 18. Qxe6+ Kg7 19. Nxb2 Re8 20. Qh3 Qf6 21. Na4 Rad8 22. Rad1 Re5 23. Rfe1 Qe7 24. Bf1 b5 25. e4 bxa4 26. exd5 Rxe1 27. Qc3+ Qf6 28. Qxe1 axb3 29. Bc4 b2 30. h3 Bc8 31. Rb1 Rd7 32. Qe8 Qd4 33. Qxc8 Rf7 34. Ba2 Rxf2 35. Kh1 Rc2 36. Rf1 Rf2 37. Qc7+ Kh6 38. Rxf2 Qxf2 39. Kh2 Qd4 40. Qg3 c4 41. d6 c3 42. Bb1 Qd2 43. Qd3 Qf4+ 44. Kg1 Qc1+ 45. Kf2 Qf4+ 46. Ke2 1-0

[Event "Morelia op 2nd"]
[Site "Morelia"]
[Date "2007.02.18"]
[Round "7"]
[White "Milov, Vadim"]
[Black "Stellwagen, Daniel"]
[Result "1-0"]
[WhiteElo "2665"]
[BlackElo "2585"]
[PlyCount "85"]
[EventDate "2007.02.15"]
[EventType "swiss"]
[EventRounds "7"]
[EventCountry "MEX"]
[SourceTitle "CBM 116 Extra"]
[Source "ChessBase"]
[SourceDate "2007.03.07"]
[SourceVersion "1"]
[SourceVersionDate "2007.03.07"]
[SourceQuality "1"]

1. d4 d5 2. c4 c6 3. Nf3 Nf6 4. e3 e6 5. Bd3 Nbd7 6. b3 Bd6 7. Bb2 O-O 8. O-O b6 9. Nc3 Bb7 10. Qe2 Qe7 11. Rad1 Rad8 ({RR} 11... e5 12. dxe5 Nxe5 13. cxd5 Nxf3+ 14. Qxf3 cxd5 15. Nb5 Ne4 16. Bxe4 dxe4 17. Qg4 f5 18. Qxg7+ Qxg7 19. Bxg7 Kxg7 20. Rxd6 Ba6 21. Nc7 Bxf1 22. Kxf1 Rac8 23. Ne6+ Kf7 24. Nxf8 Kxf8 25. Rf6+ Ke7 26. Rxf5 {Nyzhnyk,I (2576)-Tang,Z (2239) Las Vegas USA 2024 1-0 (47)}) 12. e4 dxe4 13. Nxe4 Ba3 $146 ({RR} 13... Nxe4 14. Qxe4 Nf6 15. Qh4 h6 16. Rfe1 Ba3 17. Ba1 Bb4 18. Re3 a5 19. Ne5 Nd5 20. Qxe7 Nxe7 21. Be4 Nf5 22. Red3 Ne7 23. g3 f6 24. Ng6 Nxg6 25. Bxg6 b5 26. c5 Ba3 27. h4 Rd5 28. Re1 {Grischuk,A (2777)-Ajay,K (2315) Chess.com INT 2020 1-0 (57)}) ({RR} 13... Nxe4 14. Qxe4 Nf6 15. Qh4 h6 16. Rfe1 Ba3 17. Ba1 Bb4 18. Re3 a5 19. Ne5 Nd5 20. Qxe7 Nxe7 21. Be4 Nf5 22. Red3 Ne7 23. g3 f6 24. Ng6 Nxg6 25. Bxg6 b5 26. c5 Ba3 27. h4 Rd5 28. Re1 {Grischuk,A (2777)-Ajay,K (2315) Chess.com INT 2020 1-0 (57)}) 14. Ba1 Rfe8 15. Ng3 Qf8 16. Ne5 c5 17. Nxd7 Nxd7 18. Qc2 Kh8 19. d5 exd5 20. cxd5 Nf6 21. Bb5 Nxd5 22. Bxe8 Qxe8 23. Qf5 f6 24. Rfe1 Qf8 25. Rd3 Nc7 26. Rxd8 Qxd8 27. Ne4 Bxe4 28. Qxe4 h6 29. Bc3 Nb5 30. Qg6 Nd6 31. h4 Bb4 32. Bxb4 cxb4 33. Qd3 Qc7 34. Rd1 Nf7 35. Qd5 a5 36. Re1 Ne5 37. h5 Qc3 38. Qa8+ Kh7 39. Qe4+ Kg8 40. Rd1 Qc7 41. g3 Qc8 42. Kg2 Kf8 43. Rd6 1-0